<?xml version="1.0" encoding="UTF-8"?><?xml-stylesheet type="text/xsl" href="static/style.xsl"?><OAI-PMH xmlns="http://www.openarchives.org/OAI/2.0/" xmlns:xsi="http://www.w3.org/2001/XMLSchema-instance" xsi:schemaLocation="http://www.openarchives.org/OAI/2.0/ http://www.openarchives.org/OAI/2.0/OAI-PMH.xsd"><responseDate>2026-04-14T04:45:33Z</responseDate><request verb="GetRecord" identifier="oai:www.recercat.cat:10230/35311" metadataPrefix="marc">https://recercat.cat/oai/request</request><GetRecord><record><header><identifier>oai:recercat.cat:10230/35311</identifier><datestamp>2025-12-21T18:10:36Z</datestamp><setSpec>com_2072_6</setSpec><setSpec>col_2072_452952</setSpec></header><metadata><record xmlns="http://www.loc.gov/MARC21/slim" xmlns:dcterms="http://purl.org/dc/terms/" xmlns:xsi="http://www.w3.org/2001/XMLSchema-instance" xmlns:doc="http://www.lyncode.com/xoai" xsi:schemaLocation="http://www.loc.gov/MARC21/slim http://www.loc.gov/standards/marcxml/schema/MARC21slim.xsd">
   <leader>00925njm 22002777a 4500</leader>
   <datafield ind2=" " ind1=" " tag="042">
      <subfield code="a">dc</subfield>
   </datafield>
   <datafield ind2=" " ind1=" " tag="720">
      <subfield code="a">Romero, Asunción</subfield>
      <subfield code="e">author</subfield>
   </datafield>
   <datafield ind2=" " ind1=" " tag="720">
      <subfield code="a">García-Carmona, Juan-Antonio</subfield>
      <subfield code="e">author</subfield>
   </datafield>
   <datafield ind2=" " ind1=" " tag="720">
      <subfield code="a">Laorden, María Luisa</subfield>
      <subfield code="e">author</subfield>
   </datafield>
   <datafield ind2=" " ind1=" " tag="720">
      <subfield code="a">Puig, Margarita M.</subfield>
      <subfield code="e">author</subfield>
   </datafield>
   <datafield ind2=" " ind1=" " tag="260">
      <subfield code="c">2018-07-27T07:33:19Z</subfield>
   </datafield>
   <datafield ind2=" " ind1=" " tag="260">
      <subfield code="c">2018-07-27T07:33:19Z</subfield>
   </datafield>
   <datafield ind2=" " ind1=" " tag="260">
      <subfield code="c">2017</subfield>
   </datafield>
   <datafield ind2=" " ind1=" " tag="520">
      <subfield code="a">The corticotropin-releasing factor (CRF) is involved in a number of physiological functions including pain perception. The purpose of this study was to evaluate the role of CRF1 receptor in the long-lasting post-surgical changes in somatic nociceptive thresholds and in local inflammatory responses, using genetically engineered mice lacking functional CRF1 receptor. Animals underwent a plantar incision under anaesthesia with remifentanil (80μg/kg s.c.) and sevoflurane. Mechanical thresholds (von Frey) and plasma extravasation (Evan&amp;apos;s blue) were evaluated at different time points. On postoperative day 20, mechanical thresholds had returned to baseline in CD1 mice (3.07±6.21%), while B6,129CRHtklee mice presented significant hyperalgesia, which was similar in wild-type (WT) (-29.81±8.89%) and CRF1 receptor knockout (KO) (-37.10±10.75%) mice, showing strain differences. The administration of naloxone (1mg/kg, s.c.) on postoperative day 21 produced hyperalgesia revealing surgery-induced latent pain sensitization. The extent of hyperalgesia was greater in KO versus WT mice, suggesting a role of CRF1 receptors in the upward modulation of endogenous opioid release. Furthermore, two days after surgery, plasma extravasation returned to baseline in WT mice but remained elevated in KO mice. In non-manipulated B6,129CRHtklee KO mice we observed an increase in the number of writhes (41.25±11.36) versus WT (23.80±4.71), while in the tail immersion test no differences could be detected. Our results show that CRF/CRF1 receptors seem to be a protective role in latent pain sensitization induced by surgery and in the local inflammatory response to injury.</subfield>
   </datafield>
   <datafield ind2=" " ind1=" " tag="520">
      <subfield code="a">This research was supported by grants from the Ministerio de Ciencia e Innovación (Grants SAF/FEDER 2010-17907; 2013-49076-P). Endowed Chair in Pain Management Universitat Autònoma de Barcelona, Parc de Salut Mar Menarini, Barcelona, Spain</subfield>
   </datafield>
   <datafield tag="653" ind2=" " ind1=" ">
      <subfield code="a">Rates (Animals de laboratori)</subfield>
   </datafield>
   <datafield tag="653" ind2=" " ind1=" ">
      <subfield code="a">Dolor</subfield>
   </datafield>
   <datafield tag="653" ind2=" " ind1=" ">
      <subfield code="a">Plasma (Gasos ionitzats)</subfield>
   </datafield>
   <datafield tag="653" ind2=" " ind1=" ">
      <subfield code="a">CRF 1 receptors</subfield>
   </datafield>
   <datafield tag="653" ind2=" " ind1=" ">
      <subfield code="a">Latent pain sensitization</subfield>
   </datafield>
   <datafield tag="653" ind2=" " ind1=" ">
      <subfield code="a">Plasma extravasation</subfield>
   </datafield>
   <datafield tag="653" ind2=" " ind1=" ">
      <subfield code="a">Post-operative pain</subfield>
   </datafield>
   <datafield ind2="0" ind1="0" tag="245">
      <subfield code="a">Role of CRF1 receptor in post-incisional plasma extravasation and nociceptive responses in mice</subfield>
   </datafield>
</record></metadata></record></GetRecord></OAI-PMH>